Database machines : (رقم التسجيلة. 180624)
[ عرض عادي ]
| 000 -LEADER | |
|---|---|
| fixed length control field | 01798camaa22004092i 4500 |
| 001 - CONTROL NUMBER | |
| control field | 4770835 |
| 003 - CONTROL NUMBER IDENTIFIER | |
| control field | EG-GICUC |
| 005 - DATE AND TIME OF LATEST TRANSACTION | |
| control field | 20260625145811.0 |
| 008 - FIXED-LENGTH DATA ELEMENTS--GENERAL INFORMATION | |
| fixed length control field | 861014s1986 gw a jrb 100 0 eng |
| 020 ## - INTERNATIONAL STANDARD BOOK NUMBER | |
| International Standard Book Number | 9780387171647 |
| Qualifying information | (U.S.) |
| 040 ## - CATALOGING SOURCE | |
| Original cataloging agency | DLC |
| Transcribing agency | DLC |
| Modifying agency | DLC |
| -- | EG-GICUC |
| Language of cataloging | eng |
| Description conventions | rda |
| 050 00 - LIBRARY OF CONGRESS CALL NUMBER | |
| Classification number | QA76.9.D3 |
| Item number | N38 1985 |
| 082 00 - DEWEY DECIMAL CLASSIFICATION NUMBER | |
| Classification number | 005.74 |
| Edition number | 21 |
| Item number | So62 |
| 092 04 - LOCALLY ASSIGNED DEWEY CALL NUMBER (OCLC) | |
| Edition number | 21 |
| Classification number | 005.74 |
| Item number | So62 |
| 099 ## - LOCAL FREE-TEXT CALL NUMBER (OCLC) | |
| Classification number | 005.74 So62 |
| 100 1# - MAIN ENTRY--PERSONAL NAME | |
| Personal name | Sood, A. K. |
| Relator term | Author. |
| 111 2# - MAIN ENTRY--MEETING NAME | |
| Meeting name or jurisdiction name as entry element | NATO Advanced Study Institute on Relational Database Machine Architecture |
| Date of meeting or treaty signing | (1985 : |
| Location of meeting | Les Arcs, Savoie, France) |
| 245 10 - TITLE STATEMENT | |
| Title | Database machines : |
| Remainder of title | modern trends and applications / |
| Statement of responsibility, etc. | edited by A.K. Sood and A.H. Qureshi. |
| 264 ## - PRODUCTION, PUBLICATION, DISTRIBUTION, MANUFACTURE, AND COPYRIGHT NOTICE | |
| Place of production, publication, distribution, manufacture | Berlin ; |
| -- | New York : |
| Name of producer, publisher, distributor, manufacturer | Springer-Verlag, |
| Date of production, publication, distribution, manufacture, or copyright notice | c1986. |
| 300 ## - PHYSICAL DESCRIPTION | |
| Extent | viii, 570 pages : |
| Other physical details | illustrations ; |
| Dimensions | 25 cm. |
| 336 ## - CONTENT TYPE | |
| Content type term | text |
| Content type code | txt |
| Source | rdacontent |
| 337 ## - MEDIA TYPE | |
| Media type term | unmediated |
| Media type code | n |
| Source | rdamedia |
| 338 ## - CARRIER TYPE | |
| Carrier type term | volume |
| Carrier type code | nc |
| Source | rdacarrier |
| 490 1# - SERIES STATEMENT | |
| Series statement | NATO ASI series. Series F, Computer and system sciences ; |
| Volume/sequential designation | vol. 24 |
| 500 ## - GENERAL NOTE | |
| General note | "Proceedings of the NATO Advanced Study Institute on Relational Database Machine Architecture held at Les Arcs, France, July 14-27, 1985"--T.p. verso. |
| 500 ## - GENERAL NOTE | |
| General note | "Published in cooperation with NATO Scientific Affairs Division." |
| 504 ## - BIBLIOGRAPHY, ETC. NOTE | |
| Bibliography, etc. note | Includes bibliographies. |
| 541 ## - IMMEDIATE SOURCE OF ACQUISITION NOTE | |
| Source of acquisition | وزارة الثقافة ؛ |
| Address | القاهرة ؛ |
| Method of acquisition | إهداء ؛ |
| Date of acquisition | 2023. |
| 650 #0 - SUBJECT ADDED ENTRY--TOPICAL TERM | |
| Topical term or geographic name entry element | Database management |
| Form subdivision | Congresses. |
| 650 #0 - SUBJECT ADDED ENTRY--TOPICAL TERM | |
| Topical term or geographic name entry element | Electronic digital computers |
| Form subdivision | Congresses. |
| 655 #7 - INDEX TERM--GENRE/FORM | |
| Genre/form data or focus term | Conference papers and proceedings. |
| Source of term | lcgft |
| Authority record control number or standard number | https://id.loc.gov/authorities/genreForms/gf2014026068 |
| 700 1# - ADDED ENTRY--PERSONAL NAME | |
| Personal name | Sood, A. K. |
| Fuller form of name | (Arun K.) |
| 700 1# - ADDED ENTRY--PERSONAL NAME | |
| Personal name | Qureshi, A. H. |
| 830 #0 - SERIES ADDED ENTRY--UNIFORM TITLE | |
| Uniform title | NATO ASI series. |
| Number of part/section of a work | Series F, |
| Name of part/section of a work | Computer and systems sciences ; |
| Volume/sequential designation | no. 24. |
| 905 ## - Cataloger and Reviser Names | |
| Cataloger Name | Samah |
| 942 ## - ADDED ENTRY ELEMENTS (KOHA) | |
| Source of classification or shelving scheme | Dewey Decimal Classification |
| Koha item type | Books |
| Edition | 21 |
| Suppress in OPAC | No |
| Withdrawn status | Lost status | Source of classification or shelving scheme | Damaged status | Not for loan | Home library | Current library | Date acquired | Inventory number | Total checkouts | Full call number | Barcode | Date last seen | Price effective from | Koha item type |
|---|---|---|---|---|---|---|---|---|---|---|---|---|---|---|
| Dewey Decimal Classification | Not for loan | مكتبة جامعة القاهرة الاهلية | قاعة الهندسة | 25.06.2026 | 42 | 005.74 So62 | 02010004200000 | 25.06.2026 | 25.06.2026 | Books |